La puta de Babilonia

Gorde:
Xehetasun bibliografikoak
Egile nagusia: Vallejo, Fernando (Egilea)
Formatua: Liburua
Hizkuntza:gaztelania
Argitaratua: Santiago Planeta Chilena S.A 2010
Edizioa:5a. ed
Gaiak:
Etiketak: Etiketa erantsi
Etiketarik gabe, Izan zaitez lehena erregistro honi etiketa jartzen!

MARC

LEADER 00000nam a2200000 a 4500
001 UCG3126
003 CL-VaPUC
008 100812e20100200CL |||||||||||||||||spa|d
020 |a 9788408070283 
082 0 4 |a Co863  |b VAL  |2 21 
100 0 |a Vallejo, Fernando  |e author  |9 552019 
245 1 3 |a La puta de Babilonia 
250 |a 5a. ed 
300 |a 317 p 
942 |c BK 
945 |d 20100812 00:00:00  |a mfarfan 
260 |a Santiago  |b Planeta Chilena S.A  |c 2010 
650 0 |a Literatura colombiana   |9 315578 
650 7 |a ESCRITORES COLOMBIANOS  |2 CL-VaPUC  |9 493458 
650 0 |a Novelas colombianas  |9 266734 
583 |a last modification  |c 20100812 00:00:00  |k Rodrigo Vera 
999 |c 342221  |d 342219 
952 |0 0  |1 0  |4 0  |6 CO_863_000000000000000_VAL_2010  |7 0  |8 R  |9 438292  |a BIBEDU  |b BIBEDU  |c MCIRC  |d 2019-11-22  |i 4706242  |o Co863 VAL 2010  |p 4706242  |r 2023-01-13  |w 2019-11-22  |y BK_R  |k LIT 
952 |0 0  |1 0  |4 0  |6 CO_863_000000000000000_VAL_2010  |7 0  |8 R  |9 438293  |a BIBEDU  |b BIBEDU  |c MCIRC  |d 2019-11-22  |i 4721489  |o Co863 VAL 2010  |p 4721489  |r 2023-01-13  |w 2019-11-22  |y BK_R  |k LIT